[Event "26th WSCC 2016 Open 50+"]
[Site "Marianske Lazne, Czech Republic - Hotel Cristal and Continental"]
[Date "2016.11.29"]
[Round "10.30"]
[White "Mohapl, Petr"]
[Black "Koehler, Gerhard"]
[Result "1-0"]
[WhiteElo "2066"]
[BlackElo "2182"]
[PlyCount "115"]
[EventDate "2016.11.19"]

1. d4 Nf6 2. c4 d6 3. Nc3 Nbd7 4. e4 e5 5. Nf3 Be7 6. Be2 O-O 7. O-O Re8 8. Qc2
c6 9. Rd1 Bf8 10. b3 exd4 11. Nxd4 Nc5 12. f3 a5 13. Rb1 Qc7 14. Qd2 d5 15.
cxd5 Bd6 16. g3 Bxg3 17. Bf1 Be5 18. Kh1 cxd5 19. Ndb5 Qe7 20. exd5 Bf5 21. d6
Qd7 22. Nc7 Bxb1 23. Nxa8 Rxa8 24. Nxb1 Qf5 25. Ba3 Ncd7 26. Qg2 Rc8 27. Bd3
Qf4 28. Bc4 Qh4 29. Bc1 Qh5 30. Rg1 g6 31. f4 Bd4 32. Rf1 Qf5 33. Na3 Re8 34.
Nb5 Bc5 35. Qxb7 Ne4 36. Nc7 Rf8 37. Ne6 Ng3+ 38. Kg2 Nxf1 39. Qxd7 Ne3+ 40.
Bxe3 Bxe3 41. Kf3 Bg1 42. Nxf8 Kxf8 43. Qxf5 gxf5 44. h3 Bc5 45. d7 Ke7 46. Bd3
Kxd7 47. Bxf5+ Ke7 48. Bxh7 Ke6 49. Kg4 Kf6 50. Bd3 Bb4 51. Kf3 Ke6 52. Bc4+
Kf6 53. Ke4 Kg6 54. f5+ Kf6 55. Be2 Ke7 56. Kd5 Kd7 57. Bh5 f6 58. Be2 1-0

[Event "26th WSCC 2016 Open 50+"]
[Site "Marianske Lazne, Czech Republic - Hotel Cristal and Continental"]
[Date "2016.11.29"]
[Round "10.31"]
[White "Juricek, Stanislav"]
[Black "Kozak, Milos"]
[Result "1/2-1/2"]
[WhiteElo "2043"]
[BlackElo "2159"]
[PlyCount "27"]
[EventDate "2016.11.19"]

1. e4 c6 2. d4 d5 3. Nc3 dxe4 4. Nxe4 Bf5 5. Ng3 Bg6 6. h4 h6 7. Nf3 Nd7 8. h5
Bh7 9. Bd3 Bxd3 10. Qxd3 e6 11. Bd2 Ngf6 12. O-O-O Qb6 13. Rhe1 Be7 14. c4
1/2-1/2

[Event "26th WSCC 2016 Open 50+"]
[Site "Marianske Lazne, Czech Republic - Hotel Cristal and Continental"]
[Date "2016.11.29"]
[Round "10.32"]
[White "Bartos, Jan"]
[Black "Sielicki, Tomasz"]
[Result "1/2-1/2"]
[WhiteElo "2151"]
[BlackElo "1947"]
[PlyCount "34"]
[EventDate "2016.11.19"]

1. d4 Nf6 2. c4 e6 3. Nf3 Bb4+ 4. Bd2 a5 5. g3 d6 6. Bg2 Nbd7 7. O-O e5 8. Nc3
O-O 9. Nd5 Nxd5 10. cxd5 Re8 11. Bxb4 axb4 12. Qb3 e4 13. Nd2 Nf6 14. Rfe1 b6
15. Nf1 Bb7 16. Ne3 Ra5 17. Qxb4 Nxd5 1/2-1/2

[Event "26th WSCC 2016 Open 50+"]
[Site "Marianske Lazne, Czech Republic - Hotel Cristal and Continental"]
[Date "2016.11.29"]
[Round "10.33"]
[White "Arias Castanedo, Jacinto"]
[Black "Agusto, Obafunmilayo"]
[Result "0-1"]
[WhiteElo "1857"]
[BlackElo "2144"]
[PlyCount "72"]
[EventDate "2016.11.19"]

1. Nf3 Nf6 2. b3 g6 3. Bb2 Bg7 4. e3 O-O 5. Be2 d6 6. d4 Nbd7 7. h3 c5 8. O-O
b6 9. c4 cxd4 10. exd4 d5 11. Re1 Bb7 12. Nbd2 e6 13. Ne5 Nxe5 14. dxe5 Nd7 15.
Bf3 Qg5 16. Qe2 Nxe5 17. Bxe5 Bxe5 18. Qxe5 Qxd2 19. Red1 Qb4 20. cxd5 exd5 21.
Bxd5 Rae8 22. Qd4 Re1+ 23. Kh2 Qxd4 24. Rxd4 Rxa1 25. Bxb7 Rxa2 26. Kg3 Re8 27.
Rd3 Re7 28. Ba8 Kg7 29. f4 Rae2 30. Kf3 Rc2 31. Kg4 f5+ 32. Kf3 Rec7 33. Ke3
R2c3 34. Kd4 Rxd3+ 35. Kxd3 a5 36. Bf3 b5 0-1

[Event "26th WSCC 2016 Open 50+"]
[Site "Marianske Lazne, Czech Republic - Hotel Cristal and Continental"]
[Date "2016.11.29"]
[Round "10.34"]
[White "Randak, Pavel"]
[Black "Baimurzin, Aitkazy"]
[Result "0-1"]
[WhiteElo "1826"]
[BlackElo "2132"]
[PlyCount "70"]
[EventDate "2016.11.19"]

1. e4 c5 2. Nf3 a6 3. c4 e6 4. Nc3 d6 5. d4 cxd4 6. Nxd4 Nf6 7. Be3 Nbd7 8. Be2
b6 9. f3 Bb7 10. Nc2 Rc8 11. Qd2 Be7 12. O-O O-O 13. Rfd1 Qc7 14. Rac1 Rfd8 15.
Bf2 Kh8 16. Ne3 Rg8 17. Bg3 Ne8 18. Kh1 Rd8 19. f4 Bf6 20. Qc2 Bxc3 21. bxc3
Nc5 22. e5 Ne4 23. Bf3 Nxg3+ 24. hxg3 Bxf3 25. gxf3 dxe5 26. Rxd8 Qxd8 27. Rd1
Qc7 28. f5 Nf6 29. fxe6 fxe6 30. Qd3 Qc6 31. Kg2 e4 32. Qd6 exf3+ 33. Kf1 Qe4
34. Qxb6 Ng4 35. Re1 f2 0-1

[Event "26th WSCC 2016 Open 50+"]
[Site "Marianske Lazne, Czech Republic - Hotel Cristal and Continental"]
[Date "2016.11.29"]
[Round "10.35"]
[White "Malinin, Vasily B"]
[Black "Kucera, Jiri"]
[Result "0-1"]
[WhiteElo "2220"]
[BlackElo "1958"]
[PlyCount "134"]
[EventDate "2016.11.19"]

1. d4 f5 2. e4 fxe4 3. Nc3 Nf6 4. f3 d5 5. fxe4 dxe4 6. Bc4 Bf5 7. Nge2 e6 8.
O-O Nc6 9. a3 Qd7 10. h3 Rd8 11. Be3 Be7 12. Kh1 Nd5 13. Bg1 O-O 14. Ng3 Nxc3
15. bxc3 Kh8 16. Qe2 Na5 17. Ba2 Qc6 18. d5 Qxc3 19. Nxe4 Qe5 20. Rae1 exd5 21.
Ng3 Qxe2 22. Rxe2 Be4 23. Rxf8+ Rxf8 24. Bxd5 Bxd5 25. Rxe7 Nc6 26. Rxc7 Nd8
27. Bxa7 Ne6 28. Rd7 Bc6 29. Re7 Re8 30. Rxe8+ Bxe8 31. Nf5 g6 32. Nd6 Bc6 33.
Kh2 Kg7 34. g4 Kf6 35. Nc4 Bd5 36. Ne3 Bc6 37. Bb8 Nd4 38. h4 h5 39. gxh5 gxh5
40. Bc7 Nf5 41. Ng2 Bxg2 42. Kxg2 Ne3+ 43. Kf3 Nxc2 44. a4 Kf5 45. Bg3 Nd4+ 46.
Ke3 Kg4 47. Bf2 Nf5+ 48. Ke4 Nxh4 49. Kd5 Nf5 50. Kc5 Kf3 51. Be1 Ke2 52. Bc3
h4 53. Be5 Ng3 54. Kb6 Kf2 55. Kxb7 h3 56. a5 h2 57. a6 h1=Q+ 58. Kb8 Qb1+ 59.
Kc7 Qc2+ 60. Kb8 Qb3+ 61. Kc7 Qc4+ 62. Kb6 Qb4+ 63. Kc6 Qe4+ 64. Kb6 Qa8 65. a7
Nf5 66. Bb8 Ne7 67. Ka6 Nc6 0-1

[Event "26th WSCC 2016 Open 50+"]
[Site "Marianske Lazne, Czech Republic - Hotel Cristal and Continental"]
[Date "2016.11.29"]
[Round "10.36"]
[White "Bartsch, Berthold"]
[Black "Schneider, Alexander"]
[Result "1-0"]
[WhiteElo "2279"]
[BlackElo "2058"]
[PlyCount "53"]
[EventDate "2016.11.19"]

1. Nc3 c5 2. e4 d6 3. g3 g6 4. Bg2 Bg7 5. d3 Nc6 6. Be3 Qa5 7. Qd2 Nd4 8. f4
Bd7 9. Nf3 Bc6 10. O-O e6 11. Nh4 Ne7 12. Rae1 O-O-O 13. Nd5 Qxd2 14. Nxe7+ Kd7
15. Bxd2 Kxe7 16. c3 Nb5 17. f5 gxf5 18. exf5 Bxg2 19. Nxg2 Be5 20. fxe6 f6 21.
Be3 b6 22. a4 Nxc3 23. bxc3 Bxc3 24. Re2 Be5 25. Nf4 d5 26. d4 cxd4 27. Bc1 1-0

[Event "26th WSCC 2016 Open 50+"]
[Site "Marianske Lazne, Czech Republic - Hotel Cristal and Continental"]
[Date "2016.11.29"]
[Round "10.37"]
[White "Chan, Peng Kong"]
[Black "Dobes, Ludek"]
[Result "1/2-1/2"]
[WhiteElo "2233"]
[BlackElo "2038"]
[PlyCount "71"]
[EventDate "2016.11.19"]

1. d4 Nf6 2. c4 g6 3. Nc3 Bg7 4. e4 d6 5. Be2 O-O 6. Be3 e5 7. Nf3 Ng4 8. Bg5
f6 9. Bh4 g5 10. Bg3 Nh6 11. d5 f5 12. exf5 Bxf5 13. Nd2 Nd7 14. Nde4 Nc5 15.
Nxc5 dxc5 16. O-O Nf7 17. Bd3 Nd6 18. Re1 Qf6 19. Rxe5 Rae8 20. Rxe8 Rxe8 21.
Rc1 Qg6 22. Bxf5 Qxf5 23. b3 g4 24. Qd2 Qf6 25. Bf4 h5 26. Be3 Nf5 27. Bg5 Qe5
28. Bf4 Qe7 29. Nb5 Qe4 30. Bg5 Be5 31. Nc3 Bxc3 32. Qxc3 Nd4 33. Kf1 Qe2+ 34.
Kg1 Qe4 35. Kf1 Qe2+ 36. Kg1 1/2-1/2

[Event "26th WSCC 2016 Open 50+"]
[Site "Marianske Lazne, Czech Republic - Hotel Cristal and Continental"]
[Date "2016.11.29"]
[Round "10.38"]
[White "Fox, Anthony"]
[Black "Habibi, Ali"]
[Result "0-1"]
[WhiteElo "1986"]
[BlackElo "2225"]
[PlyCount "128"]
[EventDate "2016.11.19"]

1. e4 c5 2. Nc3 g6 3. g3 Nc6 4. Bg2 Bg7 5. d3 d6 6. Nge2 e6 7. O-O Nge7 8. Be3
Nd4 9. Qd2 O-O 10. Nd1 Nxe2+ 11. Qxe2 e5 12. Qd2 f5 13. f4 exf4 14. Bxf4 d5 15.
exd5 Nxd5 16. Bh6 Bxh6 17. Qxh6 Nf6 18. Qf4 Qd4+ 19. Qxd4 cxd4 20. c3 Rb8 21.
cxd4 Rd8 22. Rc1 Rxd4 23. Nf2 Be6 24. b3 Rd7 25. Rfe1 Kf7 26. Nh3 Bd5 27. Ng5+
Kg8 28. Bf1 h6 29. Ne6 Re8 30. Nf4 Rxe1 31. Rxe1 Bf7 32. Rc1 g5 33. Ng2 Ng4 34.
h3 Ne5 35. Rc5 Nf3+ 36. Kf2 Nd4 37. Ne3 Be6 38. Nc4 b6 39. Rc8+ Kg7 40. Ne5 Rd6
41. Rc7+ Kf6 42. Nc4 Rd7 43. Rxd7 Bxd7 44. Ke3 Ne6 45. Kf2 b5 46. Nd2 Nd4 47.
Bg2 Ke5 48. Bb7 Be6 49. Bg2 a5 50. Nf3+ Nxf3 51. Bxf3 Kd4 52. Ke2 b4 53. Kd2 f4
54. gxf4 Bxh3 55. fxg5 hxg5 56. Be4 Bg4 57. Bg6 Bf3 58. Bf7 Bc6 59. Be6 Be8 60.
Bg4 Bg6 61. Be2 Bf5 62. Bf1 g4 63. Be2 g3 64. Bf1 Bxd3 0-1

[Event "26th WSCC 2016 Open 50+"]
[Site "Marianske Lazne, Czech Republic - Hotel Cristal and Continental"]
[Date "2016.11.29"]
[Round "10.39"]
[White "Valet, Richard"]
[Black "Urban, Zdenek"]
[Result "0-1"]
[WhiteElo "1943"]
[BlackElo "2205"]
[PlyCount "86"]
[EventDate "2016.11.19"]

1. e4 e6 2. d4 d5 3. e5 c5 4. c3 Nc6 5. Nf3 Bd7 6. a3 Nge7 7. b4 cxd4 8. cxd4
Nf5 9. Nc3 Rc8 10. Bb2 Be7 11. g4 Nh4 12. Nxh4 Bxh4 13. Be2 O-O 14. O-O f6 15.
f4 fxe5 16. dxe5 Ne7 17. Qd2 Qb6+ 18. Kh1 Bf2 19. f5 exf5 20. gxf5 Bxf5 21. Bf3
Be3 22. Qg2 d4 23. Ne4 Ng6 24. Nd6 Nf4 25. Bd5+ Kh8 26. Rxf4 Bxf4 27. Nxf5 Rxf5
28. e6 Rh5 29. h3 Qd6 30. Bb3 Qc6 31. Qxc6 Rxh3+ 32. Kg2 Rg3+ 33. Kf2 bxc6 34.
Bc2 d3 35. Ba4 d2 36. Rf1 Rg6 37. Bb3 Re8 38. Ke2 Rgxe6+ 39. Bxe6 Rxe6+ 40. Kd1
Re1+ 41. Rxe1 dxe1=Q+ 42. Kxe1 Kg8 43. Ke2 Kf7 0-1

[Event "26th WSCC 2016 Open 50+"]
[Site "Marianske Lazne, Czech Republic - Hotel Cristal and Continental"]
[Date "2016.11.29"]
[Round "10.40"]
[White "Barron, Michael"]
[Black "Ptacnik, Stanislav"]
[Result "1-0"]
[WhiteElo "2189"]
[BlackElo "2037"]
[PlyCount "59"]
[EventDate "2016.11.19"]

1. e4 e5 2. Nf3 Nc6 3. Bb5 a6 4. Ba4 Nf6 5. O-O b5 6. Bb3 Bb7 7. Re1 Bc5 8. c3
O-O 9. d4 Bb6 10. d5 Na5 11. Bc2 Ng4 12. Re2 Qf6 13. h3 Nxf2 14. Rxf2 Nc4 15.
Qe2 h6 16. b3 Bxf2+ 17. Qxf2 Nd6 18. Nbd2 c6 19. c4 cxd5 20. cxd5 Rac8 21. Nf1
Qe7 22. Ne3 Rc7 23. Ba3 g6 24. Nh4 Rfc8 25. Rf1 Nxe4 26. Bxe4 d6 27. Nhf5 gxf5
28. Nxf5 Qg5 29. Nxd6 Rf8 30. Nxf7 1-0

[Event "26th WSCC 2016 Open 50+"]
[Site "Marianske Lazne, Czech Republic - Hotel Cristal and Continental"]
[Date "2016.11.29"]
[Round "10.41"]
[White "Becvar, Miroslav"]
[Black "Madeira, Wagner Martins"]
[Result "0-1"]
[WhiteElo "1834"]
[BlackElo "2172"]
[PlyCount "90"]
[EventDate "2016.11.19"]

1. e4 c5 2. f4 d5 3. exd5 Nf6 4. Bb5+ Nbd7 5. c4 a6 6. Ba4 b5 7. cxb5 Nxd5 8.
Nc3 N7b6 9. Nge2 e6 10. d3 Nxa4 11. Qxa4 Nxc3 12. Nxc3 Qxd3 13. bxa6+ Bd7 14.
Qe4 Qxe4+ 15. Nxe4 Bc6 16. Nc3 Bxg2 17. Rg1 Bc6 18. Be3 g6 19. Rc1 Rxa6 20. a3
Ra5 21. Nd1 Bd5 22. Nf2 Bg7 23. Rxc5 Rxc5 24. Bxc5 Bxb2 25. Nd3 Bf6 26. Kd2 Be4
27. a4 Bxd3 28. Kxd3 Kd7 29. Rb1 Rc8 30. Kc4 Bd8 31. Rd1+ Kc6 32. Rd6+ Kc7 33.
Ra6 Kb7 34. Ra7+ Kb8 35. Rxf7 Bb6 36. Rxh7 Rxc5+ 37. Kb4 Rf5 38. Rg7 Ba5+ 39.
Kc4 Bc7 40. Rxg6 Rxf4+ 41. Kb5 e5 42. a5 Rf2 43. h4 e4 44. Re6 Rf5+ 45. Kc4 Re5
0-1

[Event "26th WSCC 2016 Open 50+"]
[Site "Marianske Lazne, Czech Republic - Hotel Cristal and Continental"]
[Date "2016.11.29"]
[Round "10.42"]
[White "Dovzhenko, Viktor"]
[Black "Tiedt, Gunter"]
[Result "1-0"]
[WhiteElo "2171"]
[BlackElo "2020"]
[PlyCount "53"]
[EventDate "2016.11.19"]

1. Nf3 d5 2. d4 Nf6 3. Bf4 Bg4 4. h3 Bh5 5. c4 e6 6. Qb3 b6 7. Nbd2 Nbd7 8. Rc1
Bxf3 9. Nxf3 Rc8 10. e3 Bd6 11. cxd5 Nxd5 12. Bg5 f6 13. e4 fxg5 14. exd5 exd5
15. Ba6 Rb8 16. Qxd5 Qe7+ 17. Kf1 Nf6 18. Bb5+ Kf8 19. Qxg5 g6 20. Re1 Qf7 21.
Ne5 Qg7 22. Re3 h6 23. Nxg6+ Kg8 24. Qf5 c6 25. Bc4+ Nd5 26. Bxd5+ cxd5 27.
Qxd5+ 1-0

[Event "26th WSCC 2016 Open 50+"]
[Site "Marianske Lazne, Czech Republic - Hotel Cristal and Continental"]
[Date "2016.11.29"]
[Round "10.43"]
[White "Christiansen, Arne"]
[Black "Borovicka, Bohumil"]
[Result "1/2-1/2"]
[WhiteElo "2133"]
[BlackElo "1991"]
[PlyCount "47"]
[EventDate "2016.11.19"]

1. c4 g6 2. g3 Bg7 3. Bg2 e5 4. Nc3 d6 5. Nf3 f5 6. d3 Nf6 7. O-O O-O 8. Rb1 a5
9. a3 c6 10. Qc2 Na6 11. b4 axb4 12. axb4 Nc7 13. Bd2 Qe7 14. Rfe1 Bd7 15. Qb3
h6 16. Be3 Rfc8 17. Na4 Re8 18. Nb6 Rab8 19. Nxd7 Nxd7 20. b5 Kh7 21. bxc6 bxc6
22. Qa4 c5 23. Qa7 Ne6 24. Rxb8 1/2-1/2

[Event "26th WSCC 2016 Open 50+"]
[Site "Marianske Lazne, Czech Republic - Hotel Cristal and Continental"]
[Date "2016.11.29"]
[Round "10.44"]
[White "Gollain, Marc"]
[Black "Miculka, Petr"]
[Result "1-0"]
[WhiteElo "2097"]
[BlackElo "1995"]
[PlyCount "111"]
[EventDate "2016.11.19"]

1. c4 g6 2. g3 Bg7 3. Bg2 c5 4. Nf3 Nc6 5. Nc3 e5 6. O-O Nge7 7. Ne1 f5 8. d3
O-O 9. f4 d6 10. Nc2 Rb8 11. Ne3 a6 12. a4 b6 13. Ned5 h6 14. e3 Kh7 15. Rb1 a5
16. b3 Bb7 17. Bb2 Nxd5 18. Nxd5 Ne7 19. Qc2 Nc6 20. Rbd1 Nb4 21. Nxb4 axb4 22.
d4 exd4 23. exd4 Qf6 24. Ba1 Qf7 25. Rfe1 Rfe8 26. Bxb7 Qxb7 27. Qg2 Re4 28.
Rxe4 fxe4 29. dxc5 dxc5 30. Bxg7 Kxg7 31. Qb2+ Kf7 32. Rd6 Qe7 33. Qe5 Qxe5 34.
fxe5 Re8 35. Rxb6 Rxe5 36. Kf2 Rf5+ 37. Ke3 Rf3+ 38. Kxe4 Rxb3 39. a5 Rb2 40.
Kd5 Ra2 41. a6 b3 42. Kxc5 b2 43. a7 Ra5+ 44. Kd4 Rxa7 45. Rxb2 Ke6 46. Rb6+
Kf5 47. c5 Ra4+ 48. Kd5 Ra2 49. Rb4 Rxh2 50. Rf4+ Kg5 51. Rc4 Rd2+ 52. Rd4
Rxd4+ 53. Kxd4 Kf6 54. Kd5 Ke7 55. Kc6 h5 56. Kb7 1-0

[Event "26th WSCC 2016 Open 50+"]
[Site "Marianske Lazne, Czech Republic - Hotel Cristal and Continental"]
[Date "2016.11.29"]
[Round "10.45"]
[White "Hewson, Brian Wr"]
[Black "Galvan Sarmiento, Jose Luis"]
[Result "1/2-1/2"]
[WhiteElo "2083"]
[BlackElo "1933"]
[PlyCount "118"]
[EventDate "2016.11.19"]

1. d4 Nf6 2. Nf3 e6 3. c4 Bb4+ 4. Bd2 Qe7 5. a3 Bxd2+ 6. Nbxd2 a5 7. e4 d6 8.
Be2 Nc6 9. O-O O-O 10. Qc2 e5 11. d5 Nb8 12. b4 Bg4 13. h3 Bh5 14. Rfc1 Nbd7
15. Nf1 b6 16. Ng3 Bxf3 17. Bxf3 g6 18. Qd2 Rfb8 19. h4 Rb7 20. h5 Rba7 21.
Rab1 Kh8 22. hxg6 fxg6 23. Nf1 Qg7 24. Ne3 Qh6 25. Rb2 Qf4 26. Ng4 Nh5 27. Qd1
axb4 28. axb4 Ra3 29. Rcc2 Qf7 30. Nh6 Qf8 31. Bxh5 Qxh6 32. Bf3 Qf4 33. Qc1
Ra1 34. Rb1 Rxb1 35. Qxb1 g5 36. Qe1 g4 37. Bd1 Nf6 38. g3 Qg5 39. c5 bxc5 40.
bxc5 Ra1 41. cxd6 cxd6 42. Rc8+ Kg7 43. Rc7+ Kf8 44. Rc8+ Ne8 45. Qe2 Ke7 46.
Rc3 Nf6 47. Rd3 Rc1 48. Ra3 Rc7 49. Ra1 h5 50. Qd3 Nd7 51. Qe2 Nc5 52. Bc2 Rb7
53. Qe1 Kf6 54. Qa5 Qg8 55. Qc3 Qg5 56. f4 gxf3 57. Qxf3+ Kg7 58. Rf1 Qg6 59.
Rf2 Rf7 1/2-1/2

[Event "26th WSCC 2016 Open 50+"]
[Site "Marianske Lazne, Czech Republic - Hotel Cristal and Continental"]
[Date "2016.11.29"]
[Round "10.46"]
[White "Guner, Bulent"]
[Black "Marsalek, Lubos"]
[Result "1-0"]
[WhiteElo "2130"]
[BlackElo "1927"]
[PlyCount "77"]
[EventDate "2016.11.19"]

1. d4 Nf6 2. c4 g6 3. Nf3 Bg7 4. g3 d6 5. Nc3 O-O 6. Bg2 c6 7. O-O Nbd7 8. h3
a5 9. e4 e5 10. Be3 Re8 11. Qc2 exd4 12. Nxd4 Nc5 13. Rad1 Qe7 14. Rfe1 Qc7 15.
Ndb5 cxb5 16. Nxb5 Qe7 17. Nxd6 Ncd7 18. Nxe8 Nxe8 19. f4 Nf8 20. Qf2 Be6 21.
b3 a4 22. e5 axb3 23. Bc5 Qc7 24. axb3 Nd7 25. Bd4 Bf8 26. Ra1 Ra6 27. Qf3 Bc5
28. Bxc5 Qxc5+ 29. Kh2 Ng7 30. Qxb7 Rb6 31. Ra8+ Nf8 32. Qf3 Nf5 33. Rd1 Kg7
34. Rdd8 Ne3 35. Rxf8 Rxb3 36. Rg8+ Kh6 37. f5 Qxe5 38. fxe6 Rb2 39. exf7 1-0

[Event "26th WSCC 2016 Open 50+"]
[Site "Marianske Lazne, Czech Republic - Hotel Cristal and Continental"]
[Date "2016.11.29"]
[Round "10.47"]
[White "Danek, Pavel"]
[Black "Robertson, Ian C"]
[Result "1/2-1/2"]
[WhiteElo "1917"]
[BlackElo "2127"]
[PlyCount "30"]
[EventDate "2016.11.19"]

1. d4 d5 2. Nf3 c5 3. c3 e6 4. Bf4 Nc6 5. e3 Nf6 6. Nbd2 Bd6 7. Bxd6 Qxd6 8.
Bd3 O-O 9. O-O e5 10. dxe5 Nxe5 11. Nxe5 Qxe5 12. Nf3 Qe7 13. Qc2 b6 14. Ng5 h6
15. Nh7 Nxh7 1/2-1/2

[Event "26th WSCC 2016 Open 50+"]
[Site "Marianske Lazne, Czech Republic - Hotel Cristal and Continental"]
[Date "2016.11.29"]
[Round "10.48"]
[White "Frost, Peter"]
[Black "Daneri, Martin"]
[Result "0-1"]
[WhiteElo "1916"]
[BlackElo "2113"]
[PlyCount "80"]
[EventDate "2016.11.19"]

1. e4 e6 2. d4 d5 3. Nc3 Bb4 4. Nge2 dxe4 5. a3 Bxc3+ 6. Nxc3 Nc6 7. d5 Nce7 8.
Qg4 Kf8 9. dxe6 f5 10. Qe2 Nf6 11. Bf4 Ng6 12. Rd1 Qe7 13. Bg5 Bxe6 14. Nd5
Bxd5 15. Rxd5 Qe6 16. Rd1 c6 17. Qd2 a5 18. Be2 Ne5 19. O-O Kf7 20. b3 h6 21.
Be3 Nd5 22. Bd4 Kg6 23. c4 Nf6 24. Qc3 Rhe8 25. Rfe1 Ned7 26. Qg3+ Kh7 27. Bc3
Ne5 28. Bf1 g5 29. Qxe5 Qxe5 30. Bxe5 Rxe5 31. Rd6 Kg7 32. Red1 Kf7 33. b4 axb4
34. axb4 f4 35. b5 cxb5 36. cxb5 e3 37. fxe3 fxe3 38. Be2 Ke7 39. Rb6 Ra7 40.
Rdd6 Nd5 0-1

[Event "26th WSCC 2016 Open 50+"]
[Site "Marianske Lazne, Czech Republic - Hotel Cristal and Continental"]
[Date "2016.11.29"]
[Round "10.49"]
[White "Lavrincik, Pavel"]
[Black "Prueske, Wolfgang"]
[Result "0-1"]
[WhiteElo "1837"]
[BlackElo "2093"]
[PlyCount "66"]
[EventDate "2016.11.19"]

1. c4 e5 2. e4 Nf6 3. Nc3 Bb4 4. d3 O-O 5. Nge2 c6 6. a3 Bc5 7. Be3 Bxe3 8.
fxe3 Ng4 9. Qd2 Qg5 10. O-O-O Nf2 11. Ng3 Nxh1 12. Nxh1 d6 13. h3 a6 14. g4 b5
15. Ng3 g6 16. Qf2 Be6 17. Be2 Nd7 18. Rg1 Qf6 19. Qg2 bxc4 20. dxc4 Kh8 21.
Rh1 Nb6 22. b3 a5 23. h4 a4 24. g5 Qe7 25. b4 Nxc4 26. Bxc4 Bxc4 27. Nf5 gxf5
28. exf5 Rg8 29. Qf3 d5 30. Qh5 Bd3 31. f6 Qe6 32. Qh6 Qg4 33. h5 Qg2 0-1

[Event "26th WSCC 2016 Open 50+"]
[Site "Marianske Lazne, Czech Republic - Hotel Cristal and Continental"]
[Date "2016.11.29"]
[Round "10.50"]
[White "Schneider, Waldemar"]
[Black "Liberchuk, Ilia"]
[Result "1/2-1/2"]
[WhiteElo "1818"]
[BlackElo "2076"]
[PlyCount "97"]
[EventDate "2016.11.19"]

1. d4 d5 2. c4 e6 3. e3 c6 4. Nf3 Nf6 5. Nc3 Nbd7 6. Bd2 Bd6 7. a4 O-O 8. c5
Bc7 9. Be2 a5 10. O-O e5 11. Qc2 Re8 12. h3 h6 13. Nh2 Nf8 14. Qd1 Ne6 15. Be1
Bd7 16. Ng4 Nxg4 17. Bxg4 Qg5 18. dxe5 Qxe5 19. g3 Nxc5 20. Bxd7 Nxd7 21. Ne2
Nf6 22. Bc3 Qe7 23. Nd4 g6 24. Qf3 Ne4 25. Rfc1 Qd7 26. Kg2 Re5 27. Qg4 Re7 28.
Qxd7 Rxd7 29. Be1 Be5 30. Rc2 Bd6 31. Nb3 Bb4 32. Bxb4 axb4 33. f3 Nd6 34. Nc5
Re7 35. Kf2 Nc4 36. e4 Nb6 37. b3 Kg7 38. Re1 dxe4 39. Rxe4 Rxe4 40. Nxe4 Nd5
41. Nd6 Rb8 42. h4 Kf6 43. Re2 Kg7 44. f4 b6 45. Kf3 h5 46. Re5 Rd8 47. Nc4 Rb8
48. Nd6 Rd8 49. Nc4 1/2-1/2

[Event "26th WSCC 2016 Open 50+"]
[Site "Marianske Lazne, Czech Republic - Hotel Cristal and Continental"]
[Date "2016.11.29"]
[Round "10.51"]
[White "Siebenburger, Vlastimil"]
[Black "Wolff, Peter"]
[Result "1/2-1/2"]
[WhiteElo "2048"]
[BlackElo "1912"]
[PlyCount "39"]
[EventDate "2016.11.19"]

1. e4 c6 2. d4 d5 3. exd5 cxd5 4. c4 Nf6 5. Nc3 Nc6 6. Bg5 e6 7. Nf3 Be7 8. c5
Ne4 9. Bxe7 Nxc3 10. bxc3 Qxe7 11. Bb5 Bd7 12. O-O O-O 13. Re1 f6 14. c4 Qf7
15. cxd5 exd5 16. Bxc6 Bxc6 17. Qd3 Rfe8 18. Rxe8+ Rxe8 19. Re1 Re4 20. Re3
1/2-1/2

[Event "26th WSCC 2016 Open 50+"]
[Site "Marianske Lazne, Czech Republic - Hotel Cristal and Continental"]
[Date "2016.11.29"]
[Round "10.52"]
[White "Paldus, Petr"]
[Black "Wilkinson, Ian"]
[Result "1-0"]
[WhiteElo "2031"]
[BlackElo "1885"]
[PlyCount "103"]
[EventDate "2016.11.19"]

1. e4 e5 2. Nf3 Nc6 3. Bc4 Nf6 4. Nc3 Nxe4 5. Nxe4 d5 6. Bd3 dxe4 7. Bxe4 Bd6
8. Bxc6+ bxc6 9. d3 Bg4 10. h3 Bh5 11. Bd2 Qe7 12. Qe2 Rb8 13. Bc3 f6 14. Qe4
Qd7 15. Nh4 Bf7 16. Qe3 Rb7 17. f4 O-O 18. fxe5 Re8 19. Nf3 Bd5 20. O-O Bxf3
21. Qxf3 Bxe5 22. Bxe5 Rxe5 23. b3 Rbb5 24. Rae1 Qe6 25. Qf2 Ra5 26. d4 Rxe1
27. Rxe1 Qd7 28. c4 Rf5 29. Qe3 Kf7 30. Qe4 g6 31. b4 Rg5 32. Re3 Rf5 33. Ra3
Qd6 34. c5 Qd7 35. Rxa7 Rd5 36. Qf4 Rxd4 37. Qxc7 Ke6 38. Qxd7+ Rxd7 39. Rxd7
Kxd7 40. a4 f5 41. g4 fxg4 42. hxg4 h6 43. b5 cxb5 44. axb5 Ke6 45. b6 Kd7 46.
Kf2 Kc6 47. Ke3 Kb7 48. Ke4 Kc6 49. Ke5 Kb7 50. Kf6 h5 51. gxh5 gxh5 52. Kg5
1-0

[Event "26th WSCC 2016 Open 50+"]
[Site "Marianske Lazne, Czech Republic - Hotel Cristal and Continental"]
[Date "2016.11.29"]
[Round "10.53"]
[White "Canonne, Antoine"]
[Black "Spiess, Thomas"]
[Result "1/2-1/2"]
[WhiteElo "1887"]
[BlackElo "1999"]
[PlyCount "43"]
[EventDate "2016.11.19"]

1. e4 c5 2. d3 Nc6 3. g3 Nf6 4. Bg2 e6 5. Nf3 d5 6. Nbd2 Be7 7. O-O b6 8. Re1
Bb7 9. e5 Nd7 10. c3 Qc7 11. d4 cxd4 12. Nxd4 Ncxe5 13. N2f3 Nxf3+ 14. Bxf3 Nf6
15. Bf4 Qd7 16. Qe2 Ne4 17. Rad1 O-O 18. Bxe4 dxe4 19. Nf5 Qe8 20. Nxe7+ Qxe7
21. Bd6 Qg5 22. Bxf8 1/2-1/2

[Event "26th WSCC 2016 Open 50+"]
[Site "Marianske Lazne, Czech Republic - Hotel Cristal and Continental"]
[Date "2016.11.29"]
[Round "10.54"]
[White "Cafolla, Peter"]
[Black "Mazzamuto, Nicola"]
[Result "1-0"]
[WhiteElo "1996"]
[BlackElo "1903"]
[PlyCount "103"]
[EventDate "2016.11.19"]

1. d4 b6 2. c4 Bb7 3. Nc3 e6 4. Nf3 d6 5. Bf4 Nd7 6. h3 Ne7 7. e3 h6 8. Be2 a6
9. Qc2 g6 10. e4 Bg7 11. Qd2 Kf8 12. d5 e5 13. Be3 Kg8 14. g4 Kh7 15. Bd3 Rf8
16. Nh4 Nc5 17. Bc2 a5 18. b3 Bc8 19. Ng2 Bd7 20. f4 exf4 21. Bxf4 f5 22. exf5
gxf5 23. O-O-O Ng6 24. gxf5 Bxf5 25. Be3 Qf6 26. Rhf1 Qe5 27. Rxf5 Rxf5 28. Bd4
Qxd4 29. Qxd4 Bxd4 30. Bxf5 Bxc3 31. Nh4 Bf6 32. Nxg6 Bg5+ 33. Kc2 Kg7 34. h4
Be3 35. h5 Kf6 36. Bg4 Kg5 37. Bf3 Kf5 38. Re1 Re8 39. a3 Kf6 40. b4 axb4 41.
axb4 Na6 42. Kb3 Nxb4 43. Nf4 Kf7 44. Ne6 Bc5 45. Be4 Rxe6 46. dxe6+ Kxe6 47.
Bd5+ Kf6 48. Re6+ Kg5 49. Bf3 Kf4 50. Rf6+ Kg3 51. Be4 Bd4 52. Rf3+ 1-0